| 000 | 00845nam a2200193 a 4500 | ||
|---|---|---|---|
| 008 | 060316s1988 ||||||||||||||||| || u | ||
| 020 | _a0471082899 | ||
| 050 | _aTK 7868.I58 Kru | ||
| 100 | _aKrutz, Ronald L, 1938- | ||
| 245 | 1 | 0 | _aInterfacing techniques in digital design with emphasis on microprocessors |
| 260 |
_aNew York _bJohn Wiley and Sons _c1988 |
||
| 300 | _axvi, 382 pages : illustrations | ||
| 350 | _a0.00 | ||
| 650 | _aMICROPROCESSORS | ||
| 650 | _aIBERFACE CIRCUTS | ||
| 650 | 0 | _aDIGITAL ELECTRONICS | |
| 995 |
_aMAIN LIBRARY OPEN ACCESS _D0.00 _e721605 _FCBU-MAIN LIBRARY (Kitwe) _H1 _I28.50 _jTK 7868.I58 Kru _UAVAILABLE _y016628 _ZMain Library Open Access Collection |
||
| 995 |
_aMAIN LIBRARY OPEN ACCESS _D0.00 _e016627 _FCBU-MAIN LIBRARY (Kitwe) _H2 _I28.50 _jTK 7868.I58 Kru _UAVAILABLE _y016627 _ZMain Library Open Access Collection |
||
| 999 |
_c77484 _d77484 |
||